00896nam a22002657a 450000500170000000800410001701000150005802000260007302000230009903500130012203700130013504000130014808200080016110000270016924501050019625000110030126000360031227000370034830000210038549000210040670000260042794200220045399900170047595201380049220120413151926.0120413t xxu||||| |||| 00| 0 eng d aENG-104987 a9788182831612c250.00 a818283161xc250.00 aEN-88520 bDBAD/PUB aDPLbEng a512 aVasishtha, A.R.945074 aAlgebra as per U.P. unified syllabus w.e.f. 2011-2012 /cby A.R. Vasishtha ; edited by Sugam Rastogi a7th ed aMeerutbKrishna Prakashanc2011 a11, Shivaji RoadbMeerute250001 a540p.c23cm(pbk) aMade easy945081 aRastogi, Sugam945076 2ddccENh512mVAS c64983d64983 00102ddc40718NFICaDBADbDBADd2012-04-13eDBAD/PUBg250.00l0o512 VASpEN-88520r2012-04-13 00:00:00t1v250.00w2012-04-13yEN